000 00805nam a2200265 i 4500
001 27373
003 ES-MaACL
005 20250724233438.0
007 t|
008 030114s1974 sp a |||| | spa d
020 _a84-7090-063-3
080 _a551.21
100 1 _aAraña, Vicente.
_9144580
245 1 0 _aVolcanismo
_b: dinámica y petrología de sus productos /
_cVicente Araña Saavedra, José López Ruiz.
260 _aMadrid :
_bIstmo,
_c[1974]
300 _a481 p. :
_bil. ;
_c22 cm.
490 1 _aColegio universitario ;
_v4
500 _aÍndice.
504 _aBibliografía.
650 7 _aVolcanes
_2embne
_917846
700 1 _aLópez Ruiz, José
_c(geólogo)
_9144581
830 1 _aColegio universitario ;
_v4
_9183422
852 _aES-MaACL
_jA-10130
999 _c27373
_d27373